Premier League Teams 23/24 - Statistics

General Stats
  • This quiz has been taken 51 times
  • The average score is 18 of 20
Answer Stats
Team % Correct
Manchester City
100%
Arsenal
98%
Liverpool
98%
Manchester United
98%
Chelsea
95%
Tottenham Hotspur
93%
Burnley
91%
Brighton & Hove Albion
88%
Luton Town
88%
Aston Villa
86%
Crystal Palace
86%
Everton
86%
Newcastle United
86%
West Ham United
86%
Brentford
84%
Bournemouth
81%
Fulham
81%
Nottingham Forest
77%
Sheffield United
77%
Wolverhampton Wanderers
77%
No matching quizzes found
Score Distribution
Percent of People with Each Score
Percentile by Number Answered
Your Score History
You have not taken this quiz